000 00356 a2200169 4500
001 182741
020 _a85-00-91319-6
040 _cMagnum
100 _aGomes, Dias
240 1 0 _aO pagador de promessas
_lpor
245 1 0 _aO pagador de promessas
300 _a96
362 0 _a1998
440 1 _aEdiouro
697 _aLITERATURA GERAL
942 _cBK
999 _c182741
_d182741